Fish processing and preservation (Record no. 233504)

000 -LEADER
fixed length control field 01050cam a2200265 a 4500
001 - CONTROL NUMBER
control field 16168527
003 - CONTROL NUMBER IDENTIFIER
control field Nust
005 - DATE AND TIME OF LATEST TRANSACTION
control field 20170308123534.0
008 - FIXED-LENGTH DATA ELEMENTS--GENERAL INFORMATION
fixed length control field 100402s2011 enka b 001 0 eng
010 ## - LIBRARY OF CONGRESS CONTROL NUMBER
LC control number 2010011215
020 ## - INTERNATIONAL STANDARD BOOK NUMBER
International Standard Book Number 9789351242673
040 ## - CATALOGING SOURCE
Transcribing agency ASAB
042 ## - AUTHENTICATION CODE
Authentication code pcc
050 00 - LIBRARY OF CONGRESS CALL NUMBER
Classification number SH335
Item number .F6276 2011
082 00 - DEWEY DECIMAL CLASSIFICATION NUMBER
Classification number 664/.94
Edition number 22
245 00 - TITLE STATEMENT
Title Fish processing and preservation
Statement of responsibility, etc. P Saraswathy
246 ## - VARYING FORM OF TITLE
Title proper/short title fish processing and preservation
260 ## - PUBLICATION, DISTRIBUTION, ETC.
Place of publication, distribution, etc. Chichester, West Sussex, U.K. ;
-- Ames, Iowa, :
Name of publisher, distributor, etc. Wiley-Blackwell Pub.,
Date of publication, distribution, etc. 2011.
300 ## - PHYSICAL DESCRIPTION
Extent x, 000 p. :
Other physical details ill. ;
Dimensions 26 cm.
504 ## - BIBLIOGRAPHY, ETC. NOTE
Bibliography, etc. note Includes bibliographical references and index.
650 #0 - SUBJECT ADDED ENTRY--TOPICAL TERM
Topical term or geographic name entry element Fishery processing.
650 #0 - SUBJECT ADDED ENTRY--TOPICAL TERM
Topical term or geographic name entry element Fishery technology.
700 1# - ADDED ENTRY--PERSONAL NAME
Personal name Hall, G. M.,
Titles and other words associated with a name Dr.
906 ## - LOCAL DATA ELEMENT F, LDF (RLIN)
a 7
b cbc
c orignew
d 1
e ecip
f 20
g y-gencatlg
942 ## - ADDED ENTRY ELEMENTS (KOHA)
Source of classification or shelving scheme
Koha item type Book
Holdings
Withdrawn status Lost status Source of classification or shelving scheme Damaged status Not for loan Collection code Permanent Location Current Location Date acquired Total Checkouts Full call number Barcode Date last seen Price effective from Koha item type
            Atta-ur-Rahman School of Applied Biosciences (ASAB) Atta-ur-Rahman School of Applied Biosciences (ASAB) 03/08/2017   664.94 SAR ASAB2274 03/20/2017 03/08/2017 Book
© 2023 Central Library, National University of Sciences and Technology. All Rights Reserved.